Which Color does not Belong - Flags - Statistics

General Stats
  • This quiz has been taken 15 times
  • The average score is 12 of 20
Answer Stats
Question Answer % Correct
Italy Blue
100%
Germany Green
92%
United States of America Yellow
92%
Serbia Green
85%
Argentina Green
77%
Brunei Orange
69%
Lithuania White
69%
Maldives Black
62%
Solomon Islands Black
62%
Mongolia Orange
62%
Brazil Red
62%
Nauru Green
54%
Montenegro Orange
54%
Uzbekistan Black
38%
Myanmar Black
38%
Uganda Blue
38%
Tajikistan Blue
31%
Marshall Islands Red
31%
Nicaragua Orange
23%
Vatican City Black
15%
No matching quizzes found
Score Distribution
Percent of People with Each Score
Percentile by Number Answered
Your Score History
You have not taken this quiz